01015ngm a2200325 4500003000400000005001700004007000500021008004100026010002000067024002100087035002000108040001300128082001400141245005100155260003200206300005100238440003200289500003600321500007000357538004900427538007900476650001900555700001100574700001100585700002100596700001800617700001700635700001900652700001800671dpl20100319155752.0DVD ||||||sp199 xxu|||||c ||| 00| 0 ng d  aDVD-007071-7079 c49.00aSHE 290F2 aDVD-007071-7079 aDPLcDPL aDVD MAJB aMeeracPremji Presentsh[videorecording] VCD/ bShemaroo Home Entertainment a2 videodisc VCD; bsd., col. ;c4 3/4 in.fVCD aShemaroo Home Entertainment aMastered From The Original Film aThis Title in Completed with 2 Disc. Not to be sold individually. aDolby Digital 5.1 - Hindi Subtitles: English aNTSC Format-All Regions, 16x9 Anamorphic (2:23.1 Aspect Ratio), Dual Layer aMotion Picture aPremji aGulzar aPt. Ravi Shankar aKhanna, Vinod aMalini, Hema aKapoor, Shammi aShriram Lagoo